| 000 | 00567cam a2200205 4500 | ||
|---|---|---|---|
| 001 | J106271 | ||
| 008 | 000000n2000 000 0 eng u | ||
| 035 | _a(Sirsi) u106271 | ||
| 050 | _a711.558 | ||
| 110 |
_aKing Sturge _93877 |
||
| 245 | _aScreen wars : a review of the UK cinema industry | ||
| 260 |
_aLondon _bKing Sturge _c2000 |
||
| 300 | _a35p. ; 30cm. | ||
| 650 | _aCINEMAS | ||
| 650 | _aFILM INDUSTRY | ||
| 650 | _aRECREATION CENTRES | ||
| 650 | _aPROPERTY MARKET | ||
| 690 | _aPROPERTY-COMMERCIAL PROPERTY-COMMERCIAL PROPERTY MARKET | ||
| 942 | _n0 | ||
| 999 |
_c100549 _d100549 |
||